Economics of education (PAC 302) / (Record no. 12172)
[ view plain ]
| 000 -LEADER | |
|---|---|
| fixed length control field | 00745nam a22002292 4500 |
| 001 - CONTROL NUMBER | |
| control field | 0000021210 |
| 005 - DATE AND TIME OF LATEST TRANSACTION | |
| control field | 20151217155231.0 |
| 008 - FIXED-LENGTH DATA ELEMENTS--GENERAL INFORMATION | |
| fixed length control field | 120206s xx 000 0 eng d |
| 040 ## - CATALOGING SOURCE | |
| Original cataloging agency | KABU |
| Transcribing agency | KABU |
| 100 1# - MAIN ENTRY--PERSONAL NAME | |
| Personal name | Ayodo, T. M. O. |
| -- | 0000181957 |
| 245 10 - TITLE STATEMENT | |
| Title | Economics of education (PAC 302) / |
| Statement of responsibility, etc. | T. M. O. Ayodo, K. Gatimu, F Q. Gravenir. |
| 250 ## - EDITION STATEMENT | |
| Edition statement | 1st ed. |
| 260 ## - PUBLICATION, DISTRIBUTION, ETC. (IMPRINT) | |
| Place of publication, distribution, etc. | Nairobi : |
| Name of publisher, distributor, etc. | U. O. N. Press, |
| Date of publication, distribution, etc. | 1991. |
| 300 ## - PHYSICAL DESCRIPTION | |
| Extent | iv, 122 p. |
| 650 #0 - SUBJECT ADDED ENTRY--TOPICAL TERM | |
| Topical term or geographic name as entry element | Education |
| General subdivision | Economic aspects. |
| -- | 0000160503 |
| 700 1# - ADDED ENTRY--PERSONAL NAME | |
| Personal name | Gatimu, K. |
| -- | 0000181958 |
| 700 1# - ADDED ENTRY--PERSONAL NAME | |
| Personal name | Gravenir, F. Q. |
| -- | 0000181959 |
| 852 1# - LOCATION | |
| -- | p200 KES |
| 852 1# - LOCATION | |
| -- | p200 KES |
| 908 ## - PUT COMMAND PARAMETER (RLIN) | |
| Put command parameter | 120206 |
| 950 ## - LOCAL HOLDINGS (RLIN) | |
| -- | 1 |
| Withdrawn status | Lost status | Source of classification or shelving scheme | Damaged status | Not for loan | Home library | Current library | Date acquired | Total Checkouts | Full call number | Barcode | Date last seen | Date last checked out | Price effective from | Koha item type |
|---|---|---|---|---|---|---|---|---|---|---|---|---|---|---|
| Lost and Paid For | Library of Congress Classification | Kabarak, Main Campus | Kabarak, Main Campus | 17/12/2015 | 1 | LC65 .A96 1991 c. 1 | 20572 | 24/11/2016 | 28/01/2016 | 17/12/2015 | General Collection | |||
| Library of Congress Classification | Kabarak, Main Campus | Kabarak, Main Campus | 17/12/2015 | 2 | LC65 .A96 1991 c. 2 | 20552 | 23/10/2019 | 11/10/2019 | 17/12/2015 | General Collection |